An INTRODUCTION to applied linguistics
Salvato in:
| Natura: | Libro |
|---|---|
| Lingua: | inglese |
| Pubblicazione: |
Routledge
2020
|
| Tags: |
Aggiungi Tag
Nessun Tag, puoi essere il primo ad aggiungerne!!
|
MARC
| LEADER | 00000nam a22000007a 4500 | ||
|---|---|---|---|
| 008 | 230109b |||||||| |||| 00| 0 eng d | ||
| 020 | |a 9781138290136 | ||
| 245 | |a An INTRODUCTION to applied linguistics |c Nobert Schmitt and Michael P.H. Rodgers |g xii, 392p. ill | ||
| 250 | |b 3rd |c Schmitt, Norbert | ||
| 250 | |c Rodgers Michael P.H. | ||
| 260 | |b Routledge |c 2020 |h London |i 699754 |i 699755 |l P129.In8 |m Applied linguistics | ||
| 500 | |a it includes references and index | ||
| 942 | |a lcc |c BK |e Johnson |f 09/01/23 | ||
| 952 | |0 0 |1 0 |2 lcc |4 0 |6 P0129 I N8 |7 0 |9 4107 |a ART |b HOL |c LP |d 2023-01-09 |l 0 |o P129.In8 |p 2023-0038 |r 2023-01-09 00:00:00 |t 699754 |w 2023-01-09 |y BK | ||
| 952 | |0 0 |1 0 |2 lcc |4 0 |6 P0129 I N8 |7 0 |9 4108 |a ART |b HOL |c LP |d 2023-01-09 |l 0 |o P129.In8 |p 2023-0039 |r 2023-01-09 00:00:00 |t 699755 |w 2023-01-09 |y BK | ||
| 999 | |c 2059 |d 2059 | ||